[Event "Gausdal Troll Masters"]
[Site "Gausdal, Norway"]
[Date "2003.01.10"]
[Round "5"]
[White "Kovalevskaya, Ekaterina"]
[Black "Womacka, Mathias"]
[Result "1/2-1/2"]
[WhiteElo "2452"]
[BlackElo "2496"]
[PlyCount "92"]
[EventDate "2003.01.??"]
[Source "EeEk"]
[SourceDate "2003.01.08"]

1. e4 c5 2. Nf3 d6 3. c3 Nf6 4. Be2 Bg4 5. O-O e6 6. h3 Bh5 7. d3 Be7 8. Nbd2
Nc6 9. a3 O-O 10. b4 Rc8 11. b5 Na5 12. Nh2 Bxe2 13. Qxe2 d5 14. e5 Nd7 15. f4
Nb6 16. Qd1 f6 17. Ndf3 c4 18. exf6 Bxf6 19. d4 Nb3 20. Ra2 Na4 21. Qe1 Qb6 22.
Ng4 Rce8 23. Re2 Nxc1 24. Qxc1 Qxb5 25. Qe1 Qd7 26. Rff2 Bd8 27. Ng5 Bxg5 28.
fxg5 Rxf2 29. Rxf2 Qe7 30. Qe3 Rf8 31. Re2 Qf7 32. Rf2 Qe7 33. Re2 Kh8 34. Ne5
Qxa3 35. g6 Rf6 36. Nf7+ Kg8 37. gxh7+ Kxh7 38. Ng5+ Kg8 39. Nxe6 Nxc3 40. Re1
Qb2 41. Qg5 Qf2+ 42. Kh2 Rf7 43. Qd8+ Kh7 44. Ng5+ Kg6 45. Nxf7 Qxe1 46. Ne5+
Kh7 1/2-1/2

[Event "Gausdal Troll Masters"]
[Site "Gausdal, Norway"]
[Date "2003.01.10"]
[Round "5"]
[White "Nordahl, Helge"]
[Black "Kallio, Heikki"]
[Result "1/2-1/2"]
[WhiteElo "2303"]
[BlackElo "2474"]
[PlyCount "43"]
[EventDate "2003.01.??"]
[Source "EeEk"]
[SourceDate "2003.01.08"]

1. d4 g6 2. c4 Bg7 3. e4 d6 4. Nc3 Nf6 5. f4 O-O 6. Nf3 c6 7. Be2 a6 8. O-O b5
9. e5 Nfd7 10. Ne4 bxc4 11. exd6 Nb6 12. dxe7 Qxe7 13. Ng3 Rd8 14. Re1 Bg4 15.
Ne5 Be6 16. Qc2 c5 17. Bf3 cxd4 18. Bxa8 Nxa8 19. f5 Bd5 20. Bf4 d3 21. Qf2 Qb7
22. Nf1 1/2-1/2

[Event "Gausdal Troll Masters"]
[Site "Gausdal, Norway"]
[Date "2003.01.10"]
[Round "5"]
[White "Westerinen, Heikki"]
[Black "Rozentalis, Eduardas"]
[Result "0-1"]
[WhiteElo "2374"]
[BlackElo "2585"]
[PlyCount "106"]
[EventDate "2003.01.??"]
[Source "EeEk"]
[SourceDate "2003.01.08"]

1. e4 e6 2. d4 d5 3. Nc3 Bb4 4. Nge2 dxe4 5. a3 Bxc3+ 6. Nxc3 Nc6 7. d5 exd5 8.
Qxd5 Nge7 9. Qxd8+ Nxd8 10. Nxe4 Bf5 11. Bd3 Ndc6 12. Bf4 O-O-O 13. O-O-O Bg6
14. Rhe1 Rhe8 15. Nc5 Bxd3 16. Rxd3 Ng6 17. Rxd8+ Rxd8 18. Bd2 b6 19. Nd3 f6
20. Re4 Rd4 21. Re8+ Rd8 22. Re4 Nd4 23. Bc3 Nb5 24. Bd2 Nd6 25. Re2 Nf5 26. g3
Nd4 27. Re3 Kd7 28. Bc3 Nb5 29. Bd2 Nd6 30. b3 c5 31. f4 h5 32. Re2 Ne7 33. a4
Nef5 34. Bc3 Re8 35. Rxe8 Kxe8 36. Ne1 Ne4 37. Bd2 Kd7 38. Nf3 Ke6 39. Kd1 c4
40. bxc4 Ned6 41. a5 bxa5 42. Bxa5 Nxc4 43. Bc3 Kd5 44. Ke2 Ke4 45. Ne1 Nd4+
46. Kd1 Ne3+ 47. Kc1 Nf1 48. Nd3 Ne2+ 49. Kb2 Nxc3 50. Kxc3 Nxh2 51. Nc5+ Kd5
52. Kb4 Nf1 53. c4+ Kc6 0-1

[Event "Gausdal Troll Masters"]
[Site "Gausdal, Norway"]
[Date "2003.01.10"]
[Round "5"]
[White "Shumiakina, Tatiana"]
[Black "Miezis, Normunds"]
[Result "0-1"]
[WhiteElo "2364"]
[BlackElo "2523"]
[PlyCount "110"]
[EventDate "2003.01.??"]
[Source "EeEk"]
[SourceDate "2003.01.08"]

1. d4 Nf6 2. Nf3 e6 3. g3 b5 4. Bg2 Bb7 5. O-O c5 6. c3 Na6 7. Bg5 Be7 8. Nbd2
Rc8 9. Qb1 Qb6 10. a3 cxd4 11. cxd4 b4 12. Qd3 O-O 13. Ne5 Bxg2 14. Kxg2 Qb7+
15. Ndf3 d6 16. Ng4 Nxg4 17. Bxe7 Qxe7 18. Qxa6 bxa3 19. Rxa3 Rc7 20. Rfa1 Rb8
21. Rc3 Rcb7 22. Rac1 g6 23. Rc8+ Kg7 24. Rxb8 Rxb8 25. Rc2 Nf6 26. Qa5 Rb6 27.
Qg5 h6 28. Qc1 Rb7 29. Rc8 Qd7 30. Rc2 Qb5 31. Qf4 Qd5 32. Kg1 g5 33. Qd2 Ne4
34. Qc1 Qb5 35. h3 Qb3 36. Nd2 Qd5 37. Nxe4 Qxe4 38. Qd2 g4 39. Rc3 Qb1+ 40.
Kg2 Rxb2 41. Qf4 Qf5 42. Qxf5 exf5 43. e3 Rb5 44. Rc6 Rb6 45. Rc7 Ra6 46. Rc8
h5 47. Rd8 Rb6 48. Ra8 a6 49. Kg1 Kf6 50. Kg2 Ke6 51. Rh8 a5 52. Ra8 Rb5 53.
Rh8 Kd5 54. Rxh5 Kc4 55. Rh8 a4 0-1

[Event "Gausdal Troll Masters"]
[Site "Gausdal, Norway"]
[Date "2003.01.10"]
[Round "5"]
[White "Ovsejevitsch, Sergei"]
[Black "Tallaksen, Geir Sune"]
[Result "1-0"]
[WhiteElo "2517"]
[BlackElo "2258"]
[PlyCount "159"]
[EventDate "2003.01.??"]
[Source "EeEk"]
[SourceDate "2003.01.08"]

1. Nf3 Nf6 2. c4 e6 3. Nc3 Bb4 4. Qb3 Qe7 5. a3 Ba5 6. g3 O-O 7. Bg2 c5 8. O-O
Nc6 9. d3 d6 10. Qc2 e5 11. e3 Bxc3 12. Qxc3 d5 13. cxd5 Nxd5 14. Qc2 Be6 15.
b3 Rac8 16. Bb2 f6 17. Rac1 b6 18. Qb1 Qf7 19. d4 exd4 20. exd4 Na5 21. Nd2
cxd4 22. Bxd4 Rfd8 23. Rxc8 Rxc8 24. Rc1 Qd7 25. Rxc8+ Qxc8 26. Bb2 Ne7 27. Qd3
Nac6 28. b4 Ne5 29. Bxe5 fxe5 30. Qd6 Qc1+ 31. Bf1 Kf7 32. Nf3 Ng6 33. h4 h6
34. h5 Ne7 35. Nxe5+ Kf6 36. Nd7+ Kf7 37. Ne5+ Kf6 38. Kg2 Qg5 39. Nd7+ Kf7 40.
Ne5+ Kf6 41. Nd7+ Kf7 42. Bc4 Bxc4 43. Ne5+ Kg8 44. Nxc4 Qxh5 45. Qxe7 Qd5+ 46.
Kg1 Qxc4 47. Qxa7 b5 48. a4 Qxb4 49. Qb8+ Kh7 50. Qxb5 Qe1+ 51. Kg2 Qe4+ 52.
Kf1 Qh1+ 53. Ke2 Qe4+ 54. Kd2 Kh8 55. Qb8+ Kh7 56. Qf4 Qd5+ 57. Ke3 Qb3+ 58.
Ke2 Kg8 59. Qe4 Qb2+ 60. Kf1 Qc1+ 61. Kg2 Qc8 62. a5 Qa6 63. Qd5+ Kh7 64. Qf5+
Kh8 65. Qc5 Kh7 66. Qb6 Qa8+ 67. Kg1 Qe4 68. a6 Qe1+ 69. Kh2 Qe2 70. a7 Qh5+
71. Kg2 Qd5+ 72. f3 Qa2+ 73. Qf2 Qa4 74. Qe3 Qa2+ 75. Kh3 Qa6 76. Qe4+ g6 77.
a8=Q Qf1+ 78. Kg4 h5+ 79. Kg5 Qc1+ 80. f4 1-0

[Event "Gausdal Troll Masters"]
[Site "Gausdal, Norway"]
[Date "2003.01.10"]
[Round "5"]
[White "Leer-Salvesen, Bjarte"]
[Black "Bluvshtein, Mark"]
[Result "1-0"]
[WhiteElo "2329"]
[BlackElo "2461"]
[PlyCount "97"]
[EventDate "2003.01.??"]
[Source "EeEk"]
[SourceDate "2003.01.08"]

1. c4 Nf6 2. g3 e6 3. Bg2 d5 4. Nf3 c5 5. cxd5 exd5 6. d4 Nc6 7. O-O Be7 8. Nc3
O-O 9. Bg5 cxd4 10. Nxd4 h6 11. Be3 a6 12. Rc1 Re8 13. Qa4 Na5 14. Rfd1 b5 15.
Qc2 Nc4 16. Bf4 Bb7 17. e4 g5 18. e5 gxf4 19. exf6 Bf8 20. Qf5 fxg3 21. hxg3
Nxb2 22. Bxd5 Bxd5 23. Nxd5 Nxd1 24. Nc6 Re1+ 25. Kh2 Ne3 26. fxe3 Qxd5 27.
Qxd5 Rxc1 28. Ne7+ Bxe7 29. Qxa8+ Bf8 30. Qxa6 b4 31. Kh3 Rc5 32. e4 Re5 33.
Qc4 Re6 34. Qd4 Ra6 35. e5 Re6 36. Qe4 Rb6 37. Qc4 Re6 38. Qd4 Kh7 39. Kg4 Kh8
40. Kf5 Kg8 41. Qg4+ Kh7 42. Qh5 Kg8 43. g4 Ra6 44. g5 hxg5 45. Qxg5+ Kh8 46.
Qh5+ Kg8 47. Qg4+ Kh8 48. Qh3+ Kg8 49. Qg2+ 1-0

[Event "Gausdal Troll Masters"]
[Site "Gausdal, Norway"]
[Date "2003.01.10"]
[Round "5"]
[White "Agopov, Mikael"]
[Black "Hanley, Craig"]
[Result "0-1"]
[WhiteElo "2376"]
[BlackElo "2359"]
[PlyCount "102"]
[EventDate "2003.01.??"]
[Source "EeEk"]
[SourceDate "2003.01.08"]

1. c4 Nf6 2. d4 d6 3. Nf3 Bg4 4. Qb3 Qc8 5. h3 Bxf3 6. Qxf3 e5 7. d5 Be7 8. Nc3
O-O 9. e4 a5 10. Be3 Na6 11. g4 c6 12. g5 Nd7 13. h4 Ndc5 14. Bh3 Qd8 15. Kf1
Rb8 16. Kg2 a4 17. Rab1 Qe8 18. h5 Nd3 19. Bd2 Nf4+ 20. Bxf4 exf4 21. Qxf4 Qd8
22. g6 Bg5 23. Qg3 Nc5 24. f4 Bh6 25. Rhf1 cxd5 26. cxd5 b5 27. gxf7+ Kh8 28.
Rbe1 b4 29. Nd1 Rxf7 30. Bf5 Qf6 31. Re2 Re8 32. Nf2 Qd4 33. Rfe1 Qc4 34. Qf3
Qxa2 35. Ng4 Qb3 36. Nxh6 gxh6 37. Qf2 Nd3 38. Qd4+ Rg7+ 39. Kf1 Nxe1 40. Kxe1
Qg3+ 41. Kd1 Qg1+ 42. Qxg1 Rxg1+ 43. Kc2 b3+ 44. Kc3 Rc1+ 45. Kd3 Rb8 46. e5 a3
47. exd6 a2 48. d7 Rd1+ 49. Kc3 a1=Q 50. Re8+ Kg7 51. Rxb8 Rxd5 0-1

[Event "Gausdal Troll Masters"]
[Site "Gausdal, Norway"]
[Date "2003.01.10"]
[Round "5"]
[White "Lugovoi, Aleksei"]
[Black "Poulsen, Martin"]
[Result "1-0"]
[WhiteElo "2540"]
[BlackElo "2244"]
[PlyCount "57"]
[EventDate "2003.01.??"]
[Source "EeEk"]
[SourceDate "2003.01.08"]

1. d4 Nf6 2. c4 g6 3. Nc3 d5 4. Nf3 Bg7 5. cxd5 Nxd5 6. e4 Nb6 7. h3 O-O 8. Be2
Nc6 9. Be3 Na5 10. O-O Nac4 11. Bf4 Bd7 12. Qb3 Nd6 13. Rfd1 Qe8 14. e5 Ndc8
15. a4 a5 16. d5 e6 17. d6 cxd6 18. exd6 Bc6 19. Bb5 Qd8 20. Ne5 Bd5 21. Nxd5
Nxd5 22. Rxd5 exd5 23. Nd7 Nb6 24. Nxf8 Bxf8 25. Re1 Qf6 26. Qg3 Nc4 27. d7 h6
28. Re8 Nb6 29. Be5 1-0

[Event "Gausdal Troll Masters"]
[Site "Gausdal, Norway"]
[Date "2003.01.10"]
[Round "5"]
[White "Molander, Riku"]
[Black "Martinsen, Stig K"]
[Result "1/2-1/2"]
[WhiteElo "2291"]
[BlackElo "2085"]
[PlyCount "52"]
[EventDate "2003.01.??"]
[Source "EeEk"]
[SourceDate "2003.01.08"]

1. e4 d6 2. d4 Nf6 3. Nc3 g6 4. Be3 c6 5. Qd2 b5 6. f3 Nbd7 7. g4 Nb6 8. g5
Nfd7 9. d5 Ne5 10. dxc6 Nbc4 11. c7 Qxc7 12. Nd5 Qb7 13. Bxc4 Nxc4 14. Qc3 Rg8
15. Bd4 Be6 16. Nf4 Bd7 17. Nge2 e5 18. Nd5 exd4 19. Nf6+ Kd8 20. Nxd4 Rh8 21.
b3 Nb6 22. Nxd7 Qxd7 23. Nc6+ Ke8 24. Qxh8 Qxc6 25. O-O-O Rc8 26. Rd2 Qc5
1/2-1/2

[Event "Gausdal Troll Masters"]
[Site "Gausdal, Norway"]
[Date "2003.01.10"]
[Round "5"]
[White "Bisby, Daniel"]
[Black "Gambäck, Björn"]
[Result "1/2-1/2"]
[WhiteElo "2283"]
[BlackElo "2213"]
[PlyCount "49"]
[EventDate "2003.01.??"]
[Source "EeEk"]
[SourceDate "2003.01.08"]

1. e4 c5 2. Nc3 Nc6 3. g3 g6 4. Bg2 Bg7 5. d3 d6 6. Be3 Rb8 7. Qd2 b5 8. Nge2
Nd4 9. O-O b4 10. Nd1 e6 11. Nc1 Ne7 12. c3 bxc3 13. bxc3 Ndc6 14. Bh6 O-O 15.
Bxg7 Kxg7 16. Ne3 e5 17. Ne2 Ba6 18. f4 f6 19. Kh1 Qa5 20. Ng4 h5 21. fxe5 hxg4
22. exf6+ Rxf6 23. Rxf6 Kxf6 24. Qf4+ Kg7 25. Rf1 1/2-1/2

[Event "Gausdal Troll Masters"]
[Site "Gausdal, Norway"]
[Date "2003.01.10"]
[Round "5"]
[White "Ask, Josef"]
[Black "Charleshouse, Glenn"]
[Result "1/2-1/2"]
[WhiteElo "2128"]
[BlackElo "2284"]
[PlyCount "130"]
[EventDate "2003.01.??"]
[Source "EeEk"]
[SourceDate "2003.01.08"]

1. e4 c5 2. d4 e6 3. d5 exd5 4. exd5 d6 5. Nc3 Nf6 6. h3 Be7 7. Nf3 O-O 8. Be2
Nbd7 9. Bf4 Re8 10. O-O Nf8 11. Bh2 Ng6 12. Re1 Bf8 13. Bf1 Rxe1 14. Qxe1 a6
15. a4 Rb8 16. Nd2 Qc7 17. a5 Bf5 18. Qd1 Re8 19. Nc4 Bc8 20. Bd3 Nd7 21. f4 b5
22. axb6 Nxb6 23. Na5 Qe7 24. Qd2 Nh4 25. Bg3 Nf5 26. Bf2 Qf6 27. Bf1 Nd4 28.
Rd1 Bxh3 29. Bxd4 cxd4 30. Qxd4 Qxd4+ 31. Rxd4 Bf5 32. Rd2 g6 33. Kf2 Bg7 34.
Nc6 Bxc3 35. bxc3 Na4 36. Bxa6 Nxc3 37. Bd3 Bxd3 38. Rxd3 Ne4+ 39. Kf3 f5 40.
Ra3 Nd2+ 41. Kf2 Ne4+ 42. Kf3 h5 43. g3 Nf6 44. c4 Ne4 45. Ra2 Kf7 46. Nd4 Rb8
47. Nb5 Rc8 48. Ra6 Ke7 49. Ra7+ Kf8 50. Na3 Nf6 51. Ra6 Ne4 52. Kg2 Ke7 53.
Ra7+ Kf6 54. Rd7 g5 55. fxg5+ Kxg5 56. Kh3 Kf6 57. Nb5 Rxc4 58. Nxd6 Ng5+ 59.
Kg2 Rc2+ 60. Kf1 Ra2 61. Nc4 Rc2 62. Rd6+ Kf7 63. Rd7+ Ke8 64. Rg7 Ne4 65. d6
Nd2+ 1/2-1/2

[Event "Gausdal Troll Masters"]
[Site "Gausdal, Norway"]
[Date "2003.01.10"]
[Round "5"]
[White "Stokke, Kjetil"]
[Black "Berning, Boris"]
[Result "1/2-1/2"]
[WhiteElo "2136"]
[BlackElo "2249"]
[PlyCount "44"]
[EventDate "2003.01.??"]
[Source "EeEk"]
[SourceDate "2003.01.08"]

1. e4 c5 2. Nf3 e6 3. Nc3 a6 4. g3 Qc7 5. Bg2 d6 6. O-O Nc6 7. d4 cxd4 8. Nxd4
Bd7 9. Re1 Be7 10. b3 Nxd4 11. Qxd4 Bf6 12. e5 Bxe5 13. Rxe5 dxe5 14. Qb4 O-O-O
15. Be3 a5 16. Qb6 Bc6 17. Qa7 Bxg2 18. Bb6 Qb8 19. Qxb8+ Kxb8 20. Bxd8 Bc6 21.
Bxa5 Nh6 22. a4 Nf5 1/2-1/2

[Event "Gausdal Troll Masters"]
[Site "Gausdal, Norway"]
[Date "2003.01.10"]
[Round "5"]
[White "Nolsøe, Eydun"]
[Black "Johansen, Kai-Roger"]
[Result "1-0"]
[WhiteElo "2236"]
[BlackElo "2084"]
[PlyCount "61"]
[EventDate "2003.01.??"]
[Source "EeEk"]
[SourceDate "2003.01.08"]

1. e4 c5 2. Nf3 d6 3. d4 cxd4 4. Nxd4 Nf6 5. Nc3 a6 6. Bc4 e6 7. Bb3 Be7 8. f4
Qc7 9. f5 exf5 10. Nxf5 Bxf5 11. exf5 O-O 12. O-O Nc6 13. Be3 Ne5 14. Bd4 Rfe8
15. Rf4 Rad8 16. g4 h6 17. h4 d5 18. g5 Nc4 19. Rf3 hxg5 20. hxg5 Ne4 21. g6
Bf6 22. Bxf6 Nxf6 23. Qd4 b5 24. Rh3 Qe5 25. Qh4 Kf8 26. Qh8+ Ng8 27. Rf1 Rd6
28. Rh7 d4 29. Ne4 Rc6 30. f6 Qxe4 31. Qxg7# 1-0

[Event "Gausdal Troll Masters"]
[Site "Gausdal, Norway"]
[Date "2003.01.10"]
[Round "5"]
[White "Bjørgvik, Jan Arne"]
[Black "Harestad, Hans Krogh"]
[Result "0-1"]
[WhiteElo "1609"]
[BlackElo "2236"]
[PlyCount "54"]
[EventDate "2003.01.??"]
[Source "EeEk"]
[SourceDate "2003.01.08"]

1. e4 e5 2. Nf3 Nc6 3. Bc4 Bc5 4. O-O Nf6 5. Nc3 O-O 6. d3 h6 7. a3 a6 8. Qe2
d6 9. h3 Kh8 10. Be3 Nd7 11. Qd2 Kh7 12. Bxc5 Nxc5 13. Ne2 f5 14. exf5 Bxf5 15.
Qe3 Qf6 16. b4 Ne6 17. Bd5 Ncd4 18. Nfxd4 exd4 19. Qd2 c6 20. Be4 Qg6 21. Ng3
Bxe4 22. dxe4 Nf4 23. Rfe1 h5 24. h4 Qg4 25. Qxd4 Qxh4 26. Nf5 Rxf5 27. g3 Qh3
0-1

[Event "Gausdal Troll Masters"]
[Site "Gausdal, Norway"]
[Date "2003.01.10"]
[Round "5"]
[White "Karlsen, Terje"]
[Black "Glenne, Bjørn Erik"]
[Result "0-1"]
[WhiteElo "2135"]
[BlackElo "2203"]
[PlyCount "60"]
[EventDate "2003.01.??"]
[Source "EeEk"]
[SourceDate "2003.01.08"]

1. e4 c6 2. d4 d5 3. exd5 cxd5 4. c4 Nf6 5. Nc3 e6 6. Nf3 Be7 7. cxd5 exd5 8.
h3 O-O 9. Bd3 Re8 10. O-O Nbd7 11. Bf4 Nf8 12. Qb3 a6 13. Rac1 b5 14. Nxb5 Bxh3
15. Nc7 Ne6 16. Nxe8 Qxe8 17. Be3 Bg4 18. Ne5 Bh5 19. Qb7 a5 20. Nc6 Bd6 21.
Bb5 Qf8 22. a4 g5 23. Bd2 Bg6 24. Bxa5 Rxa5 25. Nxa5 Qh6 26. Rfd1 Qh2+ 27. Kf1
Nf4 28. Ke1 Nxg2+ 29. Kd2 Ne4+ 30. Ke2 Nf4+ 0-1

[Event "Gausdal Troll Masters"]
[Site "Gausdal, Norway"]
[Date "2003.01.10"]
[Round "5"]
[White "Lönngren, Tobias"]
[Black "Ohlzon, Nils-Johan"]
[Result "1-0"]
[WhiteElo "2122"]
[BlackElo "2176"]
[PlyCount "77"]
[EventDate "2003.01.??"]
[Source "EeEk"]
[SourceDate "2003.01.08"]

1. d4 Nf6 2. c4 e6 3. g3 d5 4. Bg2 Bb4+ 5. Bd2 Be7 6. Nf3 O-O 7. O-O Nbd7 8.
Qc2 a6 9. Rd1 dxc4 10. Qxc4 b5 11. Qc2 Bb7 12. Bg5 Rc8 13. Bxf6 Nxf6 14. Nc3
Qe8 15. a3 c5 16. dxc5 Rxc5 17. Qd2 Qa8 18. h3 Rd8 19. Qe3 Nd5 20. Nxd5 Rcxd5
21. Rxd5 Bxd5 22. Rc1 Rc8 23. Kh2 Bf6 24. b4 Rc4 25. Rxc4 bxc4 26. Ne1 c3 27.
Bxd5 exd5 28. Nc2 d4 29. Qd3 h6 30. a4 Qc6 31. b5 axb5 32. Qxb5 Qe4 33. Qd3 Qd5
34. Ne1 Qa2 35. Qc2 Qb2 36. Kg2 Bg5 37. f4 Bf6 38. Kf3 Qb7+ 39. Qe4 {Time} 1-0

[Event "Gausdal Troll Masters"]
[Site "Gausdal, Norway"]
[Date "2003.01.10"]
[Round "5"]
[White "Svensen, Tarjei Joten"]
[Black "Astengo, Corrado"]
[Result "1/2-1/2"]
[WhiteElo "2074"]
[BlackElo "2172"]
[PlyCount "33"]
[EventDate "2003.01.??"]
[Source "EeEk"]
[SourceDate "2003.01.08"]

1. d4 d5 2. Bg5 c6 3. e3 Bf5 4. Bd3 Bxd3 5. Qxd3 Nd7 6. Nf3 Ngf6 7. Nbd2 e6 8.
O-O Be7 9. c4 O-O 10. a3 a5 11. h3 Nh5 12. Bxe7 Qxe7 13. b3 f5 14. Ne5 Nhf6 15.
Ndf3 Nxe5 16. Nxe5 Nd7 17. Nxd7 1/2-1/2

[Event "Gausdal Troll Masters"]
[Site "Gausdal, Norway"]
[Date "2003.01.10"]
[Round "5"]
[White "Fossum, Øystein Bøyum"]
[Black "Knudsen, Ragnar"]
[Result "1-0"]
[WhiteElo "2167"]
[BlackElo "1817"]
[PlyCount "113"]
[EventDate "2003.01.??"]
[Source "EeEk"]
[SourceDate "2003.01.08"]

1. c4 b6 2. Nc3 Bb7 3. e4 e6 4. g3 c5 5. Bg2 d6 6. Nge2 Nc6 7. O-O Nge7 8. d4
cxd4 9. Nxd4 Nxd4 10. Qxd4 Nc6 11. Qd2 Be7 12. b3 a6 13. Ba3 Qc7 14. Rad1 Rd8
15. Kh1 O-O 16. f4 d5 17. Bxe7 Nxe7 18. exd5 exd5 19. Nxd5 Nxd5 20. cxd5 Rd6
21. Rfe1 Rfd8 22. Re3 Qd7 23. Rd3 Qf5 24. Rd4 h5 25. Qd3 Qxd3 26. R4xd3 f5 27.
Kg1 Kf8 28. Kf2 Ke7 29. Bf3 a5 30. Rd4 R8d7 31. R1d2 Kf6 32. Bxh5 Rxd5 33. Rxd5
Rxd5 34. Rxd5 Bxd5 35. Bf3 Be6 36. Be2 a4 37. Bc4 axb3 38. axb3 Bd7 39. Bd5 Ke7
40. Ke3 Kd6 41. Kd4 Bc8 42. h3 Ba6 43. Bg2 Bc8 44. b4 Be6 45. Bf3 Bd7 46. g4
fxg4 47. hxg4 Be6 48. f5 Bd7 49. Ke4 Ba4 50. Kf4 Bb3 51. Kg5 Ke7 52. Kg6 Kf8
53. Kh7 Bc2 54. Bd5 Bd1 55. g5 Bc2 56. Be6 Bd3 57. g6 1-0

[Event "Gausdal Troll Masters"]
[Site "Gausdal, Norway"]
[Date "2003.01.10"]
[Round "5"]
[White "Hammer, Jon Ludvig"]
[Black "Korhonen, Pasi"]
[Result "1-0"]
[WhiteElo "1752"]
[BlackElo "2115"]
[PlyCount "115"]
[EventDate "2003.01.??"]
[Source "EeEk"]
[SourceDate "2003.01.08"]

1. Nf3 b6 2. g3 Bb7 3. Bg2 g6 4. c4 Bg7 5. d4 e6 6. Nc3 Ne7 7. e4 d6 8. h4 h6
9. d5 e5 10. h5 g5 11. g4 Nd7 12. b4 Nf6 13. Nd2 c6 14. Ba3 cxd5 15. cxd5 Rc8
16. Rc1 O-O 17. O-O Qd7 18. f3 Rfd8 19. Re1 Ba6 20. Bf1 Bxf1 21. Rxf1 Rc7 22.
Qa4 a6 23. Qxd7 Rcxd7 24. b5 a5 25. Na4 Rb7 26. Nc4 Nc8 27. Ne3 Na7 28. Nc3 Bf8
29. Nf5 Ne8 30. Kf2 Nc7 31. Rb1 Ne8 32. Ke2 Rc7 33. Kd3 Rdc8 34. Rfc1 Rc4 35.
Ne3 Rd4+ 36. Ke2 Nc7 37. Nf5 Rc4 38. Ne3 Rd4 39. Nf5 Rc4 40. Bxd6 Ncxb5 41.
Nxb5 Rxc1 42. Rxc1 Rxc1 43. Nxa7 Bxd6 44. Nxd6 Rc2+ 45. Kd3 Rxa2 46. Nc4 f6 47.
d6 b5 48. Nxb5 Kf7 49. Nc7 a4 50. Nb6 Ra1 51. Kc2 Ra2+ 52. Kb1 Rd2 53. Nbd5 a3
54. d7 Rb2+ 55. Ka1 Rb8 56. Na6 Rh8 57. Nc5 Rb8 58. Nb7 1-0

[Event "Gausdal Troll Masters"]
[Site "Gausdal, Norway"]
[Date "2003.01.10"]
[Round "5"]
[White "Torgersen, Terje"]
[Black "Pedersen, Øyvind"]
[Result "1-0"]
[WhiteElo "1794"]
[BlackElo "2054"]
[PlyCount "101"]
[EventDate "2003.01.??"]
[Source "EeEk"]
[SourceDate "2003.01.08"]

1. Nf3 c5 2. e4 d6 3. Bb5+ Bd7 4. Bxd7+ Qxd7 5. O-O Nc6 6. c3 Nf6 7. Re1 g6 8.
d4 cxd4 9. cxd4 Bg7 10. Nc3 O-O 11. h3 Rfd8 12. Qe2 Rac8 13. Rd1 Qc7 14. e5
dxe5 15. dxe5 Rxd1+ 16. Nxd1 Nd5 17. e6 f6 18. Bd2 Qd6 19. Nc3 Nc7 20. Re1 Nd8
21. Nb5 Nxb5 22. Qxb5 Qc6 23. Qb4 Bf8 24. Qa3 a6 25. Bb4 Kg7 26. Bxe7 Nxe6 27.
Bxf8+ Nxf8 28. Re7+ Kh8 29. Qb3 Qc1+ 30. Kh2 Qf4+ 31. g3 Qc4 32. Qxc4 Rxc4 33.
Rxb7 Rc6 34. Nd4 Rd6 35. Nb3 Nd7 36. Kg2 Kg8 37. Rc7 Kf8 38. Nc5 Nxc5 39. Rxc5
Ke7 40. Rc7+ Ke6 41. Rxh7 Rd2 42. Rb7 Rd6 43. a4 Ke5 44. a5 g5 45. Rb6 Rd2 46.
Rxa6 Rxb2 47. Ra8 Ra2 48. a6 Kf5 49. a7 Ra6 50. h4 Ra2 51. hxg5 1-0

[Event "Gausdal Troll Masters"]
[Site "Gausdal, Norway"]
[Date "2003.01.10"]
[Round "5"]
[White "Sander, Rolf"]
[Black "Bue, Gunnar"]
[Result "1-0"]
[WhiteElo "2048"]
[BlackElo "1991"]
[PlyCount "41"]
[EventDate "2003.01.??"]
[Source "EeEk"]
[SourceDate "2003.01.08"]

1. e4 c5 2. Nf3 e6 3. d4 cxd4 4. Nxd4 a6 5. Bd3 Bc5 6. Nb3 Be7 7. Be3 Nc6 8.
Nc3 b5 9. O-O Nf6 10. f4 d6 11. a3 Bb7 12. Qe2 O-O 13. Rad1 Rc8 14. e5 Nd5 15.
Nxd5 exd5 16. Nd4 Nxd4 17. Bxd4 dxe5 18. Bxe5 Bc5+ 19. Kh1 g6 20. f5 g5 21. f6
1-0

[Event "Gausdal Troll Masters"]
[Site "Gausdal, Norway"]
[Date "2003.01.10"]
[Round "5"]
[White "Johansson, Per"]
[Black "Larsen, Tor Kristian"]
[Result "0-1"]
[WhiteElo "2016"]
[BlackElo "1747"]
[PlyCount "114"]
[EventDate "2003.01.??"]
[Source "EeEk"]
[SourceDate "2003.01.08"]

1. d4 Nf6 2. Nf3 e6 3. c4 b6 4. g3 Ba6 5. Qa4 c5 6. Bg2 Bb7 7. dxc5 Bxc5 8. O-O
O-O 9. Nc3 Be7 10. Bf4 Na6 11. Rad1 Nc5 12. Qc2 a6 13. b3 Qc8 14. Be5 Nfe4 15.
Nxe4 Nxe4 16. Qb2 Bf6 17. Bxf6 Nxf6 18. Rd4 Qb8 19. Rfd1 d5 20. Rf4 Rd8 21. Ne5
Ra7 22. cxd5 Bxd5 23. Bxd5 Rxd5 24. Rxd5 Nxd5 25. Nc6 Qa8 26. Rg4 f5 27. Rc4 b5
28. Rc5 Rc7 29. Qc1 Qf8 30. Rc2 Qd6 31. Nd4 Rxc2 32. Qxc2 Nb4 33. Qb2 Nxa2 34.
Nxf5 exf5 35. Qxa2 Qe6 36. Qc2 a5 37. Qd3 a4 38. bxa4 bxa4 39. Qd8+ Kf7 40.
Qc7+ Kg6 41. Qa5 Qc6 42. h3 h6 43. g4 fxg4 44. hxg4 Qe4 45. f3 Qc2 46. e4 Kh7
47. Qf5+ Kg8 48. Qe6+ Kh8 49. Qf5 Qd1+ 50. Kf2 Qd8 51. Qc5 Qa8 52. Qa3 Qa7+ 53.
Ke2 Qa6+ 54. Qd3 Qxd3+ 55. Kxd3 a3 56. Kc2 g6 57. Kb3 h5 0-1

[Event "Gausdal Troll Masters"]
[Site "Gausdal, Norway"]
[Date "2003.01.10"]
[Round "5"]
[White "Nilsen, Terje"]
[Black "Bryn, Askild"]
[Result "1-0"]
[WhiteElo "1794"]
[BlackElo "1616"]
[PlyCount "129"]
[EventDate "2003.01.??"]
[Source "EeEk"]
[SourceDate "2003.01.08"]

1. e4 c5 2. Nf3 Nc6 3. Bb5 g6 4. O-O Bg7 5. Bxc6 bxc6 6. e5 Nh6 7. Nc3 O-O 8.
d3 Ng4 9. Bf4 f6 10. exf6 Nxf6 11. Qd2 d6 12. Bh6 e5 13. Bxg7 Kxg7 14. Ne4 Nh5
15. Qg5 Bf5 16. Qxd8 Raxd8 17. Nfd2 Nf4 18. Rfe1 Nd5 19. a3 Nf6 20. b4 Bxe4 21.
Nxe4 Nxe4 22. Rxe4 cxb4 23. axb4 Rd7 24. Rc4 Rc8 25. Ra6 Rdc7 26. Kf1 Kf7 27.
Ke2 Ke7 28. h4 h6 29. g3 Kd7 30. Rg4 Rg8 31. f4 exf4 32. Rxf4 Re8+ 33. Kf3 Re1
34. Rf7+ Re7 35. Rf6 Re1 36. Rf4 Ke7 37. Kg4 Re2 38. Rc4 Kd7 39. Kf3 Re5 40.
Rg4 Re6 41. Ra5 Kc8 42. h5 g5 43. Rf5 Rce7 44. Re4 Kd7 45. Rf8 Rxe4 46. dxe4
Rh7 47. Rf6 Ke7 48. Rg6 Rf7+ 49. Kg4 Rf6 50. Rg7+ Ke6 51. Rxa7 Ke5 52. Rc7 d5
53. exd5 Kxd5 54. Rg7 Re6 55. Rg6 Re4+ 56. Kf3 Rxb4 57. Rxh6 g4+ 58. Ke3 Rc4
59. Kd2 Ke5 60. Rg6 Kf5 61. Kd3 Rc5 62. c3 Rd5+ 63. Kc2 c5 64. Rg8 Ke4 65. h6
1-0

[Event "Gausdal Troll Masters"]
[Site "Gausdal, Norway"]
[Date "2003.01.10"]
[Round "5"]
[White "Saulnier, Jean"]
[Black "Hörbing, Stefan"]
[Result "0-1"]
[WhiteElo "1880"]
[BlackElo "2038"]
[PlyCount "80"]
[EventDate "2003.01.??"]
[Source "EeEk"]
[SourceDate "2003.01.08"]

1. d4 Nf6 2. Nf3 g6 3. e3 Bg7 4. Be2 O-O 5. O-O d6 6. b3 c5 7. Bb2 Nc6 8. c4
Qc7 9. a3 e6 10. Nc3 a6 11. dxc5 dxc5 12. Qc2 Na5 13. Rab1 Ne8 14. Rfd1 f5 15.
e4 Nc6 16. exf5 gxf5 17. Na4 Qe7 18. Bxg7 Nxg7 19. Nb6 Rb8 20. Rd2 e5 21. Nd5
Qe8 22. b4 e4 23. Ne1 Ne6 24. Qc3 Qf7 25. Nc2 f4 26. Bg4 Ned4 27. Bxc8 Nxc2 28.
Rxc2 Rbxc8 29. bxc5 Rce8 30. Rcb2 Rb8 31. Re2 Qg6 32. Rd2 e3 33. Rdb2 e2 34.
Qf3 Rbe8 35. Re1 Nd4 36. Qc3 f3 37. g3 Qg4 38. Rxb7 Qh3 39. Rg7+ Kh8 40. Rxh7+
Kxh7 0-1

[Event "Gausdal Troll Masters"]
[Site "Gausdal, Norway"]
[Date "2003.01.10"]
[Round "5"]
[White "Bryn, Steinar"]
[Black "Lahlum, Ida"]
[Result "1/2-1/2"]
[WhiteElo "1561"]
[BlackElo "1438"]
[PlyCount "39"]
[EventDate "2003.01.??"]
[Source "EeEk"]
[SourceDate "2003.01.08"]

1. e4 c6 2. Nf3 d5 3. exd5 cxd5 4. d4 Nf6 5. c3 Qc7 6. Bd3 Bg4 7. h3 Bh5 8. Bg5
Nbd7 9. Bxf6 Nxf6 10. Bb5+ Nd7 11. g4 Bg6 12. Ne5 O-O-O 13. Bxd7+ Rxd7 14. Nxd7
Qxd7 15. Nd2 e6 16. Qb3 h5 17. O-O-O Bd6 18. Rde1 Bf4 19. Kd1 Qe7 20. c4
1/2-1/2